1116 1246 1127 1679 1115 1392 1967 1697 1350 1905 1776 1761 1061 1454 1926 1413 1627 1236 1828 1361 1362 1467 1986 1495 1770 1713 1513 1303 1612 1951 1954 1579 1023 1336 1730 1795 1450 1422 1425 1772 1316 1742 1958 1404 1802 1106 1719 1336 1500 1594 1369 1322 1651 1255 1661 1271 1512 1807 1058 1039 1565 1616 1832 1025 1625 1562 1009 1814 1629 1736 1096 1267 1020 1078 1284 1939 1264 1133 1507 1428 1779 1126 1875 1448 1008 1794 1192 1714 1135 1292 1911 1269 1786 1271 1561 1425 1690 1128 1490 BCNSPRNW ULIB Ver.6.0+V

เปลี่ยนเป็นภาษาไทย

Change to English
 แสดงรายละเอียดบรรณานุกรม
  กลับหน้าหลัก

Brief Record : Get Marc (ISO 2709) : E-mail record : QR code < ปิดหน้าต่าง
LEADER : 00000nam 2200000uu 4500
001    13399114513
003     ULIB
008    120411s2552||||th 000 0 tha d
020    ^a9786117190186
090    ^aนว.^bน418พ 2552
100 0  ^aนันทนา วีระชน
245 00 ^aพระจันทร์ข้างแรม /^cนันทนา วีระชน
250    ^aพิมพ์ครั้งที่ 1
260    ^aกรุงเทพฯ :^bอินเลิฟ,^c2552
300    ^a404 หน้า
710 1  ^aอินเลิฟ
945    ^p294^l0^i15946
995    ^aกัณชพร
999    ^aใช้งานได้ทุกระบบ
รายการนี้ยังไม่มีแท็ก
คุณยังไม่ได้ล็อกอิน คุณสามารถมีกิจกรรมร่วมกับเว็บไซต์ได้ แต่ต้องล็อกอินก่อน ::
  ล็อกอิน

รายการสื่อสารสนเทศ

ลำดับที่ ประเภท เลขเรียก/บาร์โค้ด สถานที่ สถานะ
1. นวนิยาย
นวนิยาย
นว. น418พ 2552  
  Barcode: 15946
ห้องสมุดวิทยาเขตสวรรค์ประชารักษ์
►นวนิยาย
บนชั้น
  ขอยืม

รายการใกล้เคียง
    ผู้แต่ง [นันทนา วีระชน]

BibComment


ยังไม่เคยถูกคอมเมนท์

คอมเมนท์ทรัพยากรรายการนี้
  คอมเมนท์: พระจันทร์ข้างแรม..


 Copyright 2026. Bcnsprnw @Library